000 00482nam a2200157 i 4500
001 69542
003 ES-MaACL
007 t|
008 040707s1971 sp ||||1| spa d
100 1 _aGarcía y Domínguez, Ulpiano R.
_955428
245 1 0 _aCódigo versificado del honor, la dignidad y la honra /
_cUlpiano R. García y Domínguez.
250 _a[1ª ed.].
260 _aMadrid :
_b[s.n.,
_c1971] (
_fCosano)
300 _a248 p. ;
_c22 cm.
852 _aES-MaACL
_jE-7396
_bR.91935
999 _c69542
_d69542